000
00204 a2200097 4500
001
13011
100
_a
Qudsia Bano
245
_a
Kuch aur Naheen [urdu]
260
_a
_b
Sang-e-meel
_c
090
_c
10016
_d
10016
942
_a
NUST-CAE
_c
M
_c
22
999
_c
248084
_d
248084